Composite materials 3rd: (Record no. 565766)
[ view plain ]
| 000 -LEADER | |
|---|---|
| fixed length control field | 00385nam a2200133Ia 4500 |
| 008 - FIXED-LENGTH DATA ELEMENTS--GENERAL INFORMATION | |
| fixed length control field | 210430s9999 xx 000 0 und d |
| 020 ## - INTERNATIONAL STANDARD BOOK NUMBER | |
| International Standard Book Number | 9781466584877 (alk. paper) |
| 082 ## - DEWEY DECIMAL CLASSIFICATION NUMBER | |
| Classification number | 620.118 G2851C |
| 100 ## - MAIN ENTRY--PERSONAL NAME | |
| Personal name | Gay, Daniel, |
| 9 (RLIN) | 54875 |
| 245 ## - TITLE STATEMENT | |
| Title | Composite materials 3rd: |
| Statement of responsibility, etc. | Gay, Daniel, |
| 300 ## - PHYSICAL DESCRIPTION | |
| Extent | xxiii, 611 pages : |
| 650 ## - SUBJECT ADDED ENTRY--TOPICAL TERM | |
| Topical term or geographic name entry element | Matériaux composites. |
| 9 (RLIN) | 54876 |
| 942 ## - ADDED ENTRY ELEMENTS (KOHA) | |
| Koha item type | Reference |
| Source of classification or shelving scheme | |
| Withdrawn status | Lost status | Damaged status | Not for loan | Permanent Location | Current Location | Shelving location | Date acquired | Total Checkouts | Full call number | Barcode | Date last seen | Price effective from | Koha item type |
|---|---|---|---|---|---|---|---|---|---|---|---|---|---|
| School of Chemical & Materials Engineering (SCME) | School of Chemical & Materials Engineering (SCME) | Reference | 620.118 G2851C | SCME-4715 | 04/30/2021 | 04/30/2021 | Reference |
